00636cam a22002171 450000100060000000300080000600500170001400800410003103500190007203500190009104000320011004100080014208200180015010000520016824500530022026000480027330000310032149000320035250400190038465000150040314143BD-RjUL20211208235559.0140205s1952 enka 001 0 eng d a(BD-RjUL)14195 a(OCoLC)5838673 aDLCcOCldDLCdBD-RjULbeng aeng00a635bSHA 19522 aShewell-Cooper, W. E.q(Wilfred Edward),d1900-14aThe A.B.C. of gardening /c W. E.Shewell-Cooper. aLondon :bEnglish Universities Press,c1952 a262 p. :billus. ;c19 cm.0 aThe ABC of gardening series aIncludes Index 0aGardening.